000 00431nam a22001457a 4500
008 140827b xxu||||| |||| 00| 0 eng d
020 _a0406094098
050 _aKD277.7.L39(1969 vol.1)
245 _aThe Law Reports (1969 vol.1) Queen's Bench Division ./
260 _aLondon:
_bButterworth & Co.LTD,
_c1969.
300 _axi,763p,:
_c24cm.
440 _pQueen's bench division.
_vVol,1
800 _a Lamb, J.F.
942 _2lcc
_cBK
999 _c3779
_d11279